[Event "Madrid San Viator op-A 30th"]
[Site "Madrid"]
[Date "2018.05.13"]
[Round "5"]
[White "Sotoca Aguado, Jose"]
[Black "Casares Sanchez, Rodrigo"]
[Result "1-0"]
[WhiteElo "1847"]
[BlackElo "1702"]
[PlyCount "105"]
[EventDate "2018.04.08"]
[EventType "swiss"]
[EventRounds "9"]
[EventCountry "ESP"]
[SourceTitle "EXT 2019"]
[Source "ChessBase"]
[SourceDate "2018.10.10"]
[SourceVersion "1"]
[SourceVersionDate "2018.10.10"]
[SourceQuality "1"]

1. d4 Nf6 2. c4 c5 3. d5 b5 4. cxb5 a6 5. b6 Qxb6 6. Nc3 g6 7. g3 Bg7 8. Bg2 d6 9. Nf3 0-0 10. 0-0 Nbd7 11. h3 Bb7 12. e4 Rab8 13. Re1 c4 14. Na4 Qc7 15. Qc2 Rfc8 16. Be3 Qa5 17. Bd4 e5 18. Bc3 Qd8 19. Nd2 Nh5 20. Bb4 Ndf6 21. Ba3 Qc7 22. Bf1 Nxe4 23. Nxe4 Bf8 24. Rad1 h6 25. Nac3 f5 26. Nd2 Nf6 27. Nxc4 a5 28. Ne3 Ne4 29. Qd3 Nxc3 30. bxc3 e4 31. Qd2 Bg7 32. c4 Rf8 33. c5 dxc5 34. d6 Qd8 35. Bxc5 f4 36. Nd5 e3 37. fxe3 Qg5 38. exf4 Qxg3+ 39. Qg2 Qxg2+ 40. Bxg2 Kh7 41. Re7 Bxd5 42. Bxd5 Rxf4 43. Bd4 Rxd4 44. Rxd4 Kh8 45. Rd1 Bf8 46. Re6 a4 47. d7 Bc5+ 48. Kh1 Bb6 49. Re8+ Kg7 50. Rxb8 Bc7 51. Rc8 Ba5 52. Rf1 a3 53. Rf7# 1-0